| 000 | 00538nam a2200205Ia 4500 | ||
|---|---|---|---|
| 003 | OSt | ||
| 005 | 20250211135829.0 | ||
| 008 | 210210b1966 xxu||||| |||| 00| 0 eng d | ||
| 040 | _cAL | ||
| 041 | _ahin | ||
| 082 | _a869/120 | ||
| 100 |
_aPATEL (Mahendra) _9199074 |
||
| 110 |
_bपटेल महेंद्रा _9199075 |
||
| 245 |
_aTeesri manzil: _bतीसरी मंज़िल |
||
| 260 |
_aVaranasi _b- _c1966 |
||
| 650 |
_aTisri _9199076 |
||
| 690 |
_aHindi Fiction _9199077 |
||
| 906 | _a023919 | ||
| 942 |
_2ddc _cBK |
||
| 999 |
_c148884 _d148884 |
||